LEADER 01071nam a2200265 a 4500 001 000000121499 003 CaOOAMICUS 005 20100504111247.0 008 100504t2010 it u000 u ita r 020 $a978-88-311-0165-3 040 $aPUL$bita$dReb 100 1 $aTuroldo, Fabrizio.$0(OLS)http://pul/name/73677 245 12$aL'etica di fine vita /$cFabrizio Turoldo. 260 $aRoma :$bCittà Nuova,$c©2010. 300 $a90 p. ;$c20 cm 490 1 $aIdee.$aFilosofia.$aNuova serie ;$v156 504 $aBibliografia in nota. 650 4$aBioetica.$0(OLS)http://pul/subject/2868 830 0$aIdee.$pFilosofia.$pNuova serie ;$v156.$0(OLS)http://pul/title/81879 850 $aPUL 852 $aPUL$W1$xSL Filosofia 2$y80$mPhil A15 156$j139449$qStampati Altre Collocazioni$B138654$CPULBib$Z2$F138654 $H113513 $82 941 1 $a10 996 $6020$a978-88-311-0165-3$9(OLS)http://pul/number/144045 996 $6245$aL'etica di fine vita$9(OLS)http://pul/title/152866 996 $6260$aRoma :$bCittà Nuova$9(OLS)http://pul/publisher/47927 LEADER 01269nam a2200289 u 4500 001 000000091678 003 CaOOAMICUS 005 20070226124845.0 008 060324s1987 sp u000 u spa u 020 $a8470202235 035 $a11082959 040 $aPUL(R)$bita 100 1 $aGafo, Javier.$0(OLS)http://pul/name/59125 245 14$a[!] Hacia un mundo feliz? :$bProblemas éticos de las nuevas técnicas reproductoras humanas /$cJavier Gafo. 260 $aMadrid :$bSociedad de Educacion Atenas,$c1987. 300 $a154 p. ;$c21 cm 490 1 $aBiblioteca basica del creyente 504 $aBibliografia: p. 149-154. 650 4$aEtica e tecnologia.$0(OLS)http://pul/subject/9987 830 0$aBiblioteca basica del creyente.$0(OLS)http://pul/title/118313 850 $aPUL 852 $aPUL$W1$xDP1 Fondo Seidl$y56$m2 C 7$j32081$nBK-PRI$b $qFondi$B115431$CPULBib$Z2$F115431 $HPUL91595 $81 941 1 $a1 961 $aINV: Sta con 11082962 996 $6020$a8470202235$9(OLS)http://pul/number/120200 996 $6245$a[!] Hacia un mundo feliz? :$bProblemas éticos de las nuevas técnicas reproductoras humanas$9(OLS)http://pul/title/118312 996 $6260$aMadrid :$bSociedad de Educacion Atenas$9(OLS)http://pul/publisher/69774